000 00950nam a2200241 4500
001 0000020968
005 20250329172016.0
007 ta
008 160627s2003 000 0 eng d
020 _a9702403545
040 _aCO-CtgCURN
_bspa
_ccoctgcurn
082 0 _aR382
_bH45d
100 1 _aHinkelman, Edward G.
245 1 0 _aDiccionario de comercio internacional /
_cEdward G. Hinkelman.
260 1 _aMexico : :
_bCecsa,,
_c2003.
300 _a538 p.
500 _aIncluye apendice.
505 8 _aDiccionario de comercio internacional.--Acronimos y abreviaturas.--Guia para marcacion internacional.--Mapas del mundo.--Monedas del mundo.--Entidades comerciales de todo el mundo.--Pesos y medidas.--Guia de contenedores de carga maritima
650 1 4 _aComercio internacional
_vAspectos jurídicos
_zColombia.
908 _a160627
942 _cREF
_hR382
_iH45d
999 _c7252
_d7252